Zákon o posudzovaní zhody výrobku, sprístupňovaní určeného výrobku na trhu s komentárom
Úplné znenie zákona č. 56/2018 Z. z. o posudzovaní zhody výrobku, sprístupňovaní určeného výrobku na trhu a o zmene a doplnení niektorých zákonov. Komentáre k jednotlivým paragrafom.
Uložené v:
| Hlavný autor: | |
|---|---|
| Médium: | Kapitola |
| Jazyk: | Slovak |
| Predmet: | |
| Tagy: |
Žiadne tagy, Buďte prvý, kto otaguje tento záznam!
|
MARC
| LEADER | 00000naa a2200000 4500 | ||
|---|---|---|---|
| 001 | 0242711 | ||
| 005 | 20230117072154.6 | ||
| 041 | 0 | |a slo | |
| 044 | |a SK | ||
| 245 | 1 | 0 | |a Zákon o posudzovaní zhody výrobku, sprístupňovaní určeného výrobku na trhu s komentárom |c Andrea Berková |
| 520 | |a Úplné znenie zákona č. 56/2018 Z. z. o posudzovaní zhody výrobku, sprístupňovaní určeného výrobku na trhu a o zmene a doplnení niektorých zákonov. Komentáre k jednotlivým paragrafom. | ||
| 610 | 2 | 0 | |a zákony |
| 610 | 2 | 0 | |a posudzovanie zhody výrobkov |
| 610 | 2 | 0 | |a výrobky |
| 610 | 2 | 0 | |a výrobcovia |
| 610 | 2 | 0 | |a trh |
| 100 | 1 | |a Berková, Andrea | |